Statistics for Shrinking U.S. States

Click here to take the quiz!

General Stats

  • This quiz has been taken 9,365 times
  • The average score is 9 of 16

Answer Stats

LossPeakState% Correct
320,5452016New York
85%
88,7602004Michigan
74%
69,3852018California
74%
3,2902019Ohio
72%
308,2482013Illinois
67%
15,6292019Pennsylvania
63%
9,3592018New Jersey
61%
1,3092019Massachusetts
56%
11,4172016Alaska
53%
3,8502011Vermont
52%
21,8792016Hawaii
47%
17,4542004Rhode Island
46%
220,7651950West Virginia
45%
25,1062014Mississippi
39%
36,0282017Louisiana
37%
4,0612015Wyoming
37%

Score Distribution

Percentile by Number Answered

Percent of People with Each Score

Your Score History

You have not taken this quiz